00471nam a2200157Ia 450000500170000000800410001708200130005810000120007124500160008326000580009930000120015750000240016994200060019395200990019999900150029820250528020643.0240331s9999 xx 000 0 und d bSILa302 aSilva,G 0aPrathiruupa aColombobSri Lanka National catholic film forumc1992 a94 p ., aA Book about cinema cL 001040708LaWERCLbWERCLcSSCd2024-03-31l0o 302.234 SILp3823r2024-03-31w2024-03-31yL c5072d5072